[Event "Pays de Charleroi Open 2014"]
[Site "Charleroi BEL"]
[Date "2014.07.31"]
[Round "7.6"]
[White "Daels, Marc"]
[Black "Henris, Luc"]
[Result "1/2-1/2"]
[WhiteTitle "FM"]
[BlackTitle "FM"]
[WhiteElo "2239"]
[BlackElo "2154"]
[WhiteFideId "201502"]
[BlackFideId "200980"]
[EventDate "2014.07.26"]

1. e4 e5 2. Nf3 d6 3. d4 exd4 4. Nxd4 Nf6 5. Bd3 g6 6. Bg5 Bg7 7. f3 O-O 8. c4
c6 9. Nc3 Re8 10. Qd2 h6 11. Be3 d5 12. cxd5 Nxd5 13. Nxd5 cxd5 14. O-O-O dxe4
15. Bxe4 Kh7 16. Kb1 f5 17. Bc2 Qf6 18. Ba4 Bd7 19. Bxd7 Nxd7 20. Bf2 Nb6 21.
Rhe1 1/2-1/2

[Event "Pays de Charleroi Open 2014"]
[Site "Charleroi BEL"]
[Date "2014.07.31"]
[Round "7.7"]
[White "Van Melkebeke, Willem"]
[Black "Herman, Jean"]
[Result "1/2-1/2"]
[WhiteElo "2030"]
[BlackElo "2218"]
[WhiteFideId "210129"]
[BlackFideId "263036"]
[EventDate "2014.07.26"]

1. e4 c6 2. d4 d5 3. exd5 cxd5 4. Bd3 Nf6 5. c3 Nc6 6. Bf4 Bg4 7. Qb3 Qc8 8. Nd2
e6 9. Ngf3 Be7 10. O-O O-O 11. Ne5 Nxe5 12. dxe5 Nd7 13. Qc2 f5 14. exf6 Nxf6
15. h3 Bh5 16. Be5 h6 17. Rfe1 Nd7 18. Bd4 Qc6 19. Bg6 Bxg6 20. Qxg6 Bf6 21. Nf3
Rae8 22. Be3 Kh8 23. Bxh6 gxh6 24. Qxh6+ Kg8 25. Qg6+ Kh8 26. Qh6+ Kg8 27. Qg6+
Bg7 28. Nd4 Qb6 29. Nxe6 Rf7 30. Re3 Nf8 31. Nxf8 Rexf8 32. Qxb6 axb6 33. Re2 d4
34. cxd4 Bxd4 35. Rf1 Kg7 36. g3 Rf3 37. Kg2 Kg6 38. Re6+ Kh5 39. Re2 Kg5 40.
Rd2 Bc5 41. Rd5+ Kg6 42. Rd2 Kg7 1/2-1/2

[Event "Pays de Charleroi Open 2014"]
[Site "Charleroi BEL"]
[Date "2014.08.01"]
[Round "8.1"]
[White "Hovhannisyan, Mher"]
[Black "Sarrau, Jelle"]
[Result "1-0"]
[WhiteTitle "IM"]
[BlackTitle "FM"]
[WhiteElo "2513"]
[BlackElo "2325"]
[WhiteFideId "13300865"]
[BlackFideId "207608"]
[EventDate "2014.07.26"]

1. Nf3 Nf6 2. g3 b6 3. Bg2 Bb7 4. O-O e6 5. d3 c5 6. e4 d6 7. Nh4 Nbd7 8. Nc3 a6
9. a4 Qc7 10. g4 h6 11. f4 Be7 12. h3 Nh7 13. Nf3 g5 14. f5 e5 15. Nd2 Nhf6 16.
Nc4 h5 17. Ne3 h4 18. Nc4 Rg8 19. Be3 Bc6 20. Qd2 Nh7 21. Rfb1 Bd8 22. b4 Nhf8
23. b5 axb5 24. axb5 Rxa1 25. Rxa1 Bb7 26. Ra7 Be7 27. Nd5 Qb8 28. Rxb7 Qxb7 29.
f6 1-0

[Event "Pays de Charleroi Open 2014"]
[Site "Charleroi BEL"]
[Date "2014.08.01"]
[Round "8.2"]
[White "Capone, Nicola"]
[Black "Gleizerov, Evgeny"]
[Result "1/2-1/2"]
[BlackTitle "GM"]
[WhiteElo "2231"]
[BlackElo "2549"]
[WhiteFideId "224715"]
[BlackFideId "4101332"]
[EventDate "2014.07.26"]

1. e4 e6 2. d4 d5 3. e5 c5 4. c3 Nc6 5. Nf3 Bd7 6. Be2 Nge7 7. Na3 cxd4 8. cxd4
Nf5 9. Nc2 Qb6 10. g4 Nfe7 11. O-O Rc8 12. b3 h5 13. h3 hxg4 14. hxg4 Ng6 15.
Bd3 Nh4 16. Nxh4 Rxh4 17. Bg5 Rh8 18. Be3 Nb4 19. Nxb4 Bxb4 20. Kg2 Bb5 21.
Bxb5+ Qxb5 22. Rc1 Rxc1 23. Qxc1 Kd7 24. Qd1 Rc8 25. Rh1 Bf8 26. Rh8 Qb4 27. Qe2
a6 28. Qf3 Ke8 29. Qf4 Qe7 30. Qh2 f6 31. exf6 Qxf6 32. Qd6 Qe7 33. Bf4 Kf7 34.
g5 Qe8 35. Qe5 Ke7 36. Qd6+ Kf7 37. Qe5 Ke7 38. Qd6+ 1/2-1/2

[Event "Pays de Charleroi Open 2014"]
[Site "Charleroi BEL"]
[Date "2014.08.01"]
[Round "8.3"]
[White "Hoffmeister, Frank"]
[Black "Ulibin, Mikhail"]
[Result "1/2-1/2"]
[BlackTitle "GM"]
[WhiteElo "2215"]
[BlackElo "2501"]
[WhiteFideId "24610275"]
[BlackFideId "4101405"]
[EventDate "2014.07.26"]

1. e4 g6 2. d4 Bg7 3. Nc3 c6 4. Nf3 d5 5. h3 Nh6 6. Bf4 f6 7. Qd2 Nf7 8. Be3 O-O
9. Be2 a6 10. O-O b5 11. a3 Bb7 12. Rad1 Nd7 13. Ne1 e6 14. f4 Nd6 15. e5 fxe5
16. fxe5 Nc4 17. Bxc4 bxc4 18. Nf3 c5 19. b4 cxb3 20. cxb3 Rc8 21. Ne2 cxd4 22.
Nexd4 Nc5 23. Ng5 Qd7 24. Rxf8+ Rxf8 25. Qb4 Rc8 26. Ngf3 Ne4 27. Qb6 Rc3 28.
Bd2 Nxd2 29. Rxd2 Bc8 30. Rc2 Rxc2 31. Nxc2 Bf8 32. b4 Be7 33. Ncd4 Bd8 34. Qc6
Qxc6 35. Nxc6 Bb6+ 36. Kf1 Bd7 37. Ncd4 g5 38. g4 h6 39. Ke2 Kf7 40. Kd3 Ke7 41.
h4 gxh4 42. Nxh4 Kf7 43. Nhf3 Kg6 44. Ke3 a5 45. Kf4 a4 46. Nh4+ Kf7 47. Nhf3
Kg6 48. Nh4+ Kf7 49. Nhf3 Kg6 1/2-1/2

[Event "Pays de Charleroi Open 2014"]
[Site "Charleroi BEL"]
[Date "2014.08.01"]
[Round "8.4"]
[White "Sclacmender, Julien"]
[Black "Okhotnik, Vladimir"]
[Result "0-1"]
[BlackTitle "GM"]
[WhiteElo "2223"]
[BlackElo "2396"]
[WhiteFideId "204340"]
[BlackFideId "14101289"]
[EventDate "2014.07.26"]

1. e4 e5 2. Nf3 d6 3. d4 Nf6 4. dxe5 Nxe4 5. Bc4 c6 6. O-O d5 7. Bd3 Nc5 8. Be2
Be7 9. Nbd2 O-O 10. c3 f6 11. exf6 Bxf6 12. Nb3 Nxb3 13. Qxb3 Nd7 14. Be3 Ne5
15. Bc5 Re8 16. Rfe1 Qc7 17. Bd4 Bf5 18. Nxe5 Bxe5 19. Bxe5 Rxe5 20. Bf3 Rae8
21. Rxe5 Qxe5 22. h3 Re7 23. Qb4 g6 24. Rd1 Kg7 25. Qc5 a6 26. c4 dxc4 27. Qxc4
Qxb2 28. h4 h5 29. Rd8 Be6 30. Qc5 Qf6 31. a4 Bd5 32. Qb4 c5 33. Qd2 Bxf3 34.
gxf3 Rf7 35. Rd6 Qxf3 36. Qb2+ Kh7 37. Rd8 Rg7 38. Qe5 Qg4+ 39. Kf1 Qxa4 40. Qf6
Qc4+ 41. Kg2 Qe4+ 42. f3 Qe7 0-1

[Event "Pays de Charleroi Open 2014"]
[Site "Charleroi BEL"]
[Date "2014.08.01"]
[Round "8.5"]
[White "Sadikhov, Ulvi"]
[Black "De Villers, Mourad"]
[Result "1-0"]
[WhiteElo "2335"]
[BlackElo "2088"]
[WhiteFideId "13401416"]
[BlackFideId "203475"]
[EventDate "2014.07.26"]

1. e4 c5 2. Nf3 d6 3. d4 cxd4 4. Nxd4 Nf6 5. f3 Nc6 6. c4 Qb6 7. Nc2 g6 8. Nc3
Bg7 9. Rb1 Ng4 10. Qd2 Bh6 11. Qe2 Bxc1 12. Nd5 Qd8 13. Rxc1 e6 14. Nc3 Qg5 15.
Qd2 Qxd2+ 16. Kxd2 Nge5 17. f4 Nd7 18. Be2 h5 19. Rcd1 Ke7 20. Kc1 Nf6 21. Bf3
e5 22. g3 Be6 23. b3 Rac8 24. Rhe1 Ng4 25. Rd2 Nd4 26. Nxd4 exd4 27. Nb5 a6 28.
Nxd4 b5 29. h3 Nf6 30. f5 Bd7 31. e5 dxe5 32. Rxe5+ Kd6 33. Nc6+ Kc7 34. Ne7
Rcd8 35. Rc5+ Kb6 36. b4 Rhe8 37. Rd6+ Ka7 38. Rc7+ 1-0

[Event "Pays de Charleroi Open 2014"]
[Site "Charleroi BEL"]
[Date "2014.08.01"]
[Round "8.6"]
[White "Le Quang, Kim"]
[Black "Schuermans, Robert"]
[Result "1/2-1/2"]
[WhiteTitle "FM"]
[WhiteElo "2288"]
[BlackElo "2086"]
[WhiteFideId "200700"]
[BlackFideId "200263"]
[EventDate "2014.07.26"]

1. b3 e5 2. Bb2 Nc6 3. e3 d5 4. Bb5 Bd6 5. f4 Qh4+ 6. g3 Qe7 7. Nf3 Bg4 8. h3
Bxf3 9. Qxf3 Nf6 10. fxe5 Bxe5 11. d4 Bd6 12. c4 Qe6 13. Nc3 Bb4 14. O-O-O Bxc3
15. Bxc3 O-O 16. Rhe1 Qe4 17. Qxe4 Nxe4 18. Bb2 a6 19. Ba4 Rfd8 20. g4 Na7 21.
b4 dxc4 22. Bc2 Re8 23. Rf1 Nb5 24. Rf4 Nec3 25. Rdf1 Ne2+ 26. Kd2 Nxf4 27. Rxf4
c3+ 28. Bxc3 Nxc3 29. Kxc3 Rxe3+ 30. Kd2 Rxh3 31. Bb3 Rxb3 32. axb3 Re8 33. Kd3
f6 34. Rf5 Kf7 35. b5 Re6 36. Rc5 c6 37. bxa6 bxa6 38. Ra5 g6 39. b4 Rd6 40.
Rxa6 Ke6 41. Ra7 h5 42. gxh5 gxh5 43. Rh7 Rd5 44. Rc7 Kd6 45. Rf7 Rf5 46. Rh7
Rg5 47. Kc4 Rb5 48. Rh6 Ke6 49. Rh7 Rg5 50. Rc7 Kd6 51. Rh7 f5 52. Rh6+ Kc7 53.
d5 Rg4+ 54. Kc5 cxd5 55. Rh7+ Kb8 56. Rxh5 Rc4+ 57. Kxd5 1/2-1/2

[Event "Pays de Charleroi Open 2014"]
[Site "Charleroi BEL"]
[Date "2014.08.01"]
[Round "8.7"]
[White "Nauts, Patrick"]
[Black "Daels, Marc"]
[Result "1-0"]
[BlackTitle "FM"]
[WhiteElo "2031"]
[BlackElo "2239"]
[WhiteFideId "233897"]
[BlackFideId "201502"]
[EventDate "2014.07.26"]

1. e4 c5 2. Nf3 Nc6 3. Bb5 Nf6 4. e5 Nd5 5. O-O Nc7 6. Bxc6 dxc6 7. Nc3 Bg4 8.
h3 Bh5 9. Re1 e6 10. d3 Be7 11. Be3 Nd5 12. Ne4 Nxe3 13. Rxe3 Qd5 14. Nc3 Qd7
15. Qe2 Rd8 16. Rf1 Qc7 17. Qe1 Qb6 18. Nd2 Qxb2 19. Nc4 Qxc2 20. Qa1 Rxd3 21.
Rc1 Rxc3 22. Rxc2 Rxc2 23. Nd6+ Bxd6 24. exd6 O-O 25. Qb1 Rd2 26. Qxb7 Rxd6 27.
Qxa7 Rd1+ 28. Kh2 c4 29. Qc5 Bg6 30. Qxc4 Rd2 31. a4 Rxf2 32. a5 Rd8 33. a6 Rc2
34. Qb4 Ra2 35. Ra3 Rxa3 36. Qxa3 Be4 37. Qe7 Rf8 38. Qc5 Bd5 39. a7 Re8 40. Qe7
Ra8 41. Qb7 c5 42. Qb8+ 1-0

[Event "Pays de Charleroi Open 2014"]
[Site "Charleroi BEL"]
[Date "2014.08.02"]
[Round "9.1"]
[White "Sadikhov, Ulvi"]
[Black "Hovhannisyan, Mher"]
[Result "1/2-1/2"]
[BlackTitle "IM"]
[WhiteElo "2335"]
[BlackElo "2513"]
[WhiteFideId "13401416"]
[BlackFideId "13300865"]
[EventDate "2014.07.26"]

1. e4 e6 2. Qe2 Be7 3. Nf3 d5 4. d3 Nf6 5. g3 b6 6. Nbd2 a5 7. Bg2 dxe4 8. dxe4
Ba6 9. c4 Nc6 10. e5 Nd7 11. O-O Nc5 12. b3 O-O 13. Rd1 Qd3 14. Qxd3 Nxd3 15.
Ne4 Rad8 16. Bf4 Ncb4 17. Bd2 Nc2 18. Rab1 Na3 19. Ra1 Nc2 20. Rab1 Na3 21. Ra1
Nc2 22. Rab1 Na3 23. Ra1 Bb7 24. Rab1 Nc2 25. Ne1 1/2-1/2

[Event "Pays de Charleroi Open 2014"]
[Site "Charleroi BEL"]
[Date "2014.08.02"]
[Round "9.2"]
[White "Gleizerov, Evgeny"]
[Black "Herman, Jean"]
[Result "1-0"]
[WhiteTitle "GM"]
[WhiteElo "2549"]
[BlackElo "2218"]
[WhiteFideId "4101332"]
[BlackFideId "263036"]
[EventDate "2014.07.26"]

1. d4 d5 2. c4 c6 3. Nf3 Nf6 4. Nc3 dxc4 5. a4 Bf5 6. e3 e6 7. Bxc4 Bb4 8. O-O
O-O 9. Nh4 Bg4 10. f3 Bh5 11. g4 Nd5 12. Ng2 Bg6 13. Na2 Bd6 14. e4 Nb6 15. Bb3
c5 16. a5 Nc8 17. d5 Qxa5 18. dxe6 Qc7 19. exf7+ Bxf7 20. Bxf7+ Qxf7 21. Nc3 Nc6
22. Be3 Rd8 23. Qe2 Nb6 24. f4 Nd4 25. Qf2 Nc4 26. Nd5 Nb3 27. Rad1 a5 28. Qc2
Nxe3 29. Ngxe3 Nd4 30. Qg2 b5 31. e5 Bc7 32. Nf5 Ne6 33. Nfe7+ Kh8 34. Nc6 Nd4
35. Nxd4 cxd4 36. e6 Qxe6 37. Nxc7 Qe3+ 38. Qf2 Rab8 39. Qxe3 dxe3 40. Rxd8+
Rxd8 41. Nxb5 1-0

[Event "Pays de Charleroi Open 2014"]
[Site "Charleroi BEL"]
[Date "2014.08.02"]
[Round "9.3"]
[White "Ulibin, Mikhail"]
[Black "Henris, Luc"]
[Result "1-0"]
[WhiteTitle "GM"]
[BlackTitle "FM"]
[WhiteElo "2501"]
[BlackElo "2154"]
[WhiteFideId "4101405"]
[BlackFideId "200980"]
[EventDate "2014.07.26"]

1. d4 d5 2. c4 e5 3. dxe5 d4 4. Nf3 Nc6 5. Nbd2 Nge7 6. Nb3 Nf5 7. e4 dxe3 8.
Qxd8+ Nxd8 9. fxe3 Bb4+ 10. Kf2 O-O 11. g4 Nh6 12. h3 Be7 13. g5 Nf5 14. e4 1-0

[Event "Pays de Charleroi Open 2014"]
[Site "Charleroi BEL"]
[Date "2014.08.02"]
[Round "9.4"]
[White "Okhotnik, Vladimir"]
[Black "Hoffmeister, Frank"]
[Result "0-1"]
[WhiteTitle "GM"]
[WhiteElo "2396"]
[BlackElo "2215"]
[WhiteFideId "14101289"]
[BlackFideId "24610275"]
[EventDate "2014.07.26"]

1. e4 c6 2. d4 d5 3. e5 Bf5 4. Nf3 e6 5. Nbd2 Nd7 6. Nb3 h6 7. Be2 Ne7 8. O-O
Bh7 9. a4 a5 10. Ne1 c5 11. Nxc5 Nxc5 12. dxc5 Nc6 13. Bd3 Nxe5 14. Bxh7 Rxh7
15. Nd3 Nd7 16. f4 g6 17. Qe2 Be7 18. c3 Nxc5 19. Ne5 Kf8 20. Be3 Qc7 21. Kh1
Kg7 22. Rae1 Ne4 23. c4 Rhh8 24. cxd5 exd5 25. Rd1 Rad8 26. Qb5 Bc5 27. Rc1 b6
28. Bd4 f6 29. Nd3 Rc8 30. f5 g5 31. Rc2 Qe7 32. Bxc5 bxc5 33. Qxa5 Rhe8 34. Qe1
c4 35. Qc1 Ra8 36. b3 c3 37. Qd1 Qf7 38. Re1 d4 39. Rce2 Nd6 40. Rxe8 Rxe8 41.
Rxe8 Qxe8 42. a5 Qb5 43. g4 Qxa5 44. Qf3 Qb5 45. Nc1 Nf7 46. Ne2 c2 47. Nc1 Ne5
48. Qf2 Nxg4 49. Qe1 Ne3 50. Kg1 Qxf5 51. Qe2 Qe4 52. b4 d3 53. Qd2 Qg4+ 0-1

[Event "Pays de Charleroi Open 2014"]
[Site "Charleroi BEL"]
[Date "2014.08.02"]
[Round "9.5"]
[White "Sarrau, Jelle"]
[Black "Boons, Patrick"]
[Result "1-0"]
[WhiteTitle "FM"]
[WhiteElo "2325"]
[BlackElo "2029"]
[WhiteFideId "207608"]
[BlackFideId "205249"]
[EventDate "2014.07.26"]

1. d4 Nf6 2. c4 g6 3. Nc3 Bg7 4. e4 d6 5. Nf3 O-O 6. Be2 c6 7. O-O Bg4 8. Be3
Bxf3 9. Bxf3 Nbd7 10. Rc1 c5 11. e5 dxe5 12. dxc5 Rb8 13. Qa4 a6 14. Rfd1 Qc8
15. b4 e4 16. Nxe4 Ne5 17. Nxf6+ Bxf6 18. Be2 Qe6 19. Rd5 Ng4 20. Bxg4 Qxg4 21.
Qd1 Qe4 22. Qd3 Qg4 23. f3 Qh4 24. Bf2 Qh6 25. Qe3 Qxe3 26. Bxe3 e6 27. Rd7 Rfd8
28. Rcd1 Re8 29. Kf1 Bc3 30. a3 Bb2 31. R1d3 Bf6 32. Bf4 e5 33. Bg3 h5 34. R3d6
Kg7 35. Rb6 h4 36. Be1 e4 37. Rbxb7 Rxb7 38. Rxb7 e3 39. Ke2 1-0

[Event "Pays de Charleroi Open 2014"]
[Site "Charleroi BEL"]
[Date "2014.08.02"]
[Round "9.6"]
[White "Maes, Wim"]
[Black "Nauts, Patrick"]
[Result "1-0"]
[WhiteTitle "FM"]
[WhiteElo "2267"]
[BlackElo "2031"]
[WhiteFideId "201073"]
[BlackFideId "233897"]
[EventDate "2014.07.26"]

1. Nf3 d5 2. g3 c5 3. Bg2 Nc6 4. O-O Nf6 5. d3 g6 6. Nbd2 Bg7 7. e4 O-O 8. Re1
dxe4 9. dxe4 Qc7 10. c3 Rd8 11. Qe2 h6 12. Nb3 a5 13. Nxc5 b6 14. e5 Nd5 15. Nb3
Ba6 16. Qe4 a4 17. Nbd4 Nxd4 18. Nxd4 a3 19. e6 f5 20. Nxf5 gxf5 21. Qxf5 Nf6
22. Bxa8 Rxa8 23. Qg6 Kh8 24. Bxh6 Bxh6 25. Qxh6+ Kg8 26. bxa3 Bb7 27. Re3 Rxa3
28. Rd1 Rxa2 29. g4 Rxf2 30. Qg6+ 1-0